00275 a2200109 4500001000700000040003500007100002500042240004300067245003800110300000800148362000900156152696 cEscola São Tomás de Aquino aPELLEGRINE, Domingos10aJá não somos mais criançaslpor10aJá não somos mais crianças a1200 a2008